000 00675nam a2200229 a 4500
005 20180803165043.0
008 140307b1989 miu||||| |||| 00| 0 eng d
041 _aeng
090 _aLB
_b02731
100 _aTaylor, Charlotte M.
_99073
245 _aRevision of Palicourea (Rubiaceae) in Mexico and Central America
260 _aMichigan
_bAmerican Society of Plant Taxonomists
_c1989
300 _a102 p.
650 _aFlora
_917969
650 _aPlantas
_917970
650 _aTaxonomía vegetal
_992262
650 _aClaves taxonómicas
_93514
650 _aIdentificación de especies
_94726
662 _aMéxico
662 _cAmérica Central
942 _cCD-ROM
_2z
999 _c2960
_d2960